Yogi Sri Krishnaprem. (Record no. 83303)
[ view plain ]
| 000 -LEADER | |
|---|---|
| fixed length control field | 00804cam a22002651 4500 |
| 001 - CONTROL NUMBER | |
| control field | sa 68010060 |
| 003 - CONTROL NUMBER IDENTIFIER | |
| control field | DLC |
| 005 - DATE AND TIME OF LATEST TRANSACTION | |
| control field | 20260227112549.0 |
| 008 - FIXED-LENGTH DATA ELEMENTS--GENERAL INFORMATION | |
| fixed length control field | 821206s1968 ii a b 000 0 eng |
| 010 ## - LIBRARY OF CONGRESS CONTROL NUMBER | |
| LC control number | sa 68010060 |
| 025 ## - OVERSEAS ACQUISITION NUMBER | |
| Overseas acquisition number | PL 480: I-E-10260 |
| 035 ## - SYSTEM CONTROL NUMBER | |
| System control number | (OCoLC)9025513 |
| 040 ## - CATALOGING SOURCE | |
| Original cataloging agency | DLC |
| Transcribing agency | MoU |
| Modifying agency | OCoLC |
| -- | DLC |
| 050 00 - LIBRARY OF CONGRESS CALL NUMBER | |
| Classification number | B5134.S75 |
| Item number | R6 |
| 082 ## - DEWEY DECIMAL CLASSIFICATION NUMBER | |
| Classification number | 181.4 |
| 100 1# - MAIN ENTRY--PERSONAL NAME | |
| Personal name | Roy, Dilip Kumar, |
| Dates associated with a name | 1897-1980. |
| 245 10 - TITLE STATEMENT | |
| Title | Yogi Sri Krishnaprem. |
| 250 ## - EDITION STATEMENT | |
| Edition statement | [1st ed.] |
| 260 ## - PUBLICATION, DISTRIBUTION, ETC. | |
| Place of publication, distribution, etc. | Bombay, |
| Name of publisher, distributor, etc. | Bharatiya Vidya Bhavan, |
| Date of publication, distribution, etc. | 1968. |
| 300 ## - PHYSICAL DESCRIPTION | |
| Extent | xxiii, 261 p. |
| Other physical details | ill., ports. (part col.) |
| Dimensions | 24 cm. |
| 500 ## - GENERAL NOTE | |
| General note | Includes some letters and an article by Yogi Sri Krishnaprem. |
| 504 ## - BIBLIOGRAPHY, ETC. NOTE | |
| Bibliography, etc. note | Bibliographical footnotes. |
| 600 00 - SUBJECT ADDED ENTRY--PERSONAL NAME | |
| Personal name | Sri Krishna Prem, |
| Dates associated with a name | 1898-1965. |
| 700 0# - ADDED ENTRY--PERSONAL NAME | |
| Personal name | Sri Krishna Prem, |
| Dates associated with a name | 1898-1965. |
No items available.